| Tag |
First Indicator |
Second Indicator |
Subfields |
| LEADER |
00000cam a2200000 a 4500 |
| 001 |
in00000073644 |
| 005 |
20151008053537.0 |
| 008 |
810702s1980 enk b 00010 engm |
| 010 |
|
|
|a 81458682
|
| 015 |
|
|
|a GB***
|
| 020 |
|
|
|a 0856353205 (pbk.) :
|c 1.95
|
| 035 |
|
|
|a (OCoLC)07671897
|
| 035 |
|
|
|9 AAH7784AM
|
| 040 |
|
|
|a DLC
|c DLC
|d m.c.
|d TXA
|d UtOrBLW
|
| 049 |
|
|
|a TXAM
|c [1421983]
|
| 050 |
0 |
0 |
|a PR3511
|b .J47 1980
|
| 082 |
0 |
|
|a 821/.4
|2 19
|
| 100 |
1 |
|
|a Herrick, Robert,
|d 1591-1674.
|
| 245 |
1 |
0 |
|a Selected poems /
|c Robert Herrick ; edited, with an introduction by David Jesson-Dibley.
|
| 264 |
|
1 |
|a Manchester [England] :
|b Carcanet New Press,
|c 1980.
|
| 300 |
|
|
|a 90 pages ;
|c 18 cm.
|
| 336 |
|
|
|a text
|b txt
|2 rdacontent
|
| 337 |
|
|
|a unmediated
|b n
|2 rdamedia
|
| 338 |
|
|
|a volume
|b nc
|2 rdacarrier
|
| 490 |
1 |
|
|a Fyfield Books
|
| 504 |
|
|
|a Bibliography: page 21.
|
| 700 |
1 |
|
|a Jesson-Dibley, David.
|
| 830 |
|
0 |
|a Fyfield books.
|
| 999 |
|
|
|a MARS
|
| 999 |
f |
f |
|s 1a12f1ca-054e-365f-b462-7069fdbd1d61
|i 08d6cd76-5c79-37d8-8313-7482a85f225e
|t 0
|
| 952 |
f |
f |
|p normal
|a Texas A&M University
|b College Station
|c Sterling C. Evans Library
|d Evans: Library Stacks
|t 0
|e PR3511 .J47 1980
|h Library of Congress classification
|i unmediated -- volume
|m A14806184401
|
| 998 |
f |
f |
|a PR3511 .J47 1980
|t 0
|l Evans: Library Stacks
|